000 00465nam a22001697a 4500
005 20250904124446.0
008 250723b |||||||| |||| 00| 0 eng d
020 _a978-0970993809
050 _aBV4832.3
_b.M66 2004
100 _aMoore, Booby
245 _ayour personal devotional life:
_ba life changing experience
260 _aUSA
_bThe King's Press
300 _aix,126 p.;
_c21 cm.
650 _aChristian life.
650 _aDevotion.
942 _2lcc
_cBK
999 _c59828
_d59828